| 000 | 01148nam a22002655a 4500 | ||
|---|---|---|---|
| 003 | OSt | ||
| 005 | 20170123150245.0 | ||
| 008 | 160922s2013 ua frb 000 0 ara d | ||
| 015 | _22013 / 15936 | ||
| 020 | _a9789770473702 | ||
| 040 |
_aEG-ScBUE _bara _cEG-ScBUE _dEG-ScBUE |
||
| 082 | 0 | 4 |
_a341.552 _bز و ي _222 |
| 100 | 1 | _aزوي، طاهر أحمد طاهر. | |
| 245 | 1 | 2 |
_aالقضاء المستعجل لمحكمة العدل الدولية : _bالإجراءات والتدابير التحفظية : دراسة نظرية تطبيقية على أهم القضايا الدولية / _cتأليف طاهر أحمد طاهر الزوي. |
| 260 |
_aالقاهرة : _bدار النهضة العربية، _c2013. |
||
| 300 |
_a359 ص. ؛ _c24 سم. |
||
| 504 | _aيشتمل على إرجاعات ببليوجرافية. | ||
| 610 | 2 | 7 |
_aمحكمة العدل الدولية _z(لاهاي، هولندا) _2BUEsh |
| 650 | 7 |
_aالقضاء المستعجل. _2BUEsh |
|
| 650 | 7 |
_aالمحاكم الدولية. _2BUEsh |
|
| 650 | 7 |
_aالقانون الدولي. _2BUEsh |
|
| 651 | _2BUEsh | ||
| 653 |
_bLLAAWW _cJanuary2017 |
||
| 942 | _2ddc | ||
| 999 |
_c23996 _d23968 |
||